[Event "Druzynowe Mistrzostw Polski Juniorow - II Liga"]
[Site "Wroclaw"]
[Date "1899-12-30"]
[Round "2.37"]
[White "Smuda, Tomasz"]
[Black "Madajczak, Piotr"]
[Result "1-0"]
[WhiteTitle "I"]
[BlackTitle "I+"]
[WhiteElo "1515"]
[BlackElo "1925"]

1. e4 c6 2. d4 d5 3. exd5 cxd5 4. Nf3 Nc6 5. c3 Nf6 6. Bf4 Bg4 7. Qb3 Qc8 8. Ne5
Bd7 9. Nxd7 Qxd7 10. Nd2 e6 11. Nf3 a6 12. Be2 Be7 13. O-O O-O 14. Rac1 Ne4 15.
Rfd1 g5 16. Ne5 Nxe5 17. Bxe5 f6 18. Bg3 b5 19. Bd3 Nxg3 20. hxg3 f5 21. Re1 Rf6
22. Re3 g4 23. Rce1 Bf8 24. a4 bxa4 25. Qa2 a5 26. c4 Rc8 27. cxd5 Qxd5 28. Qxa4
Bb4 29. Rd1 Kg7 30. b3 Qc6 31. Qa2 Rd8 32. Bc4 Rd6 33. Qe2 Kg6 34. Bd3 h5 35.
Bc4 Qd7 36. Bb5 Qd8 37. Red3 Rf7 38. d5 Rb7 39. Bc4 exd5 40. Rxd5 Rxd5 41. Bxd5
Re7 42. Qa6+ Kg7 43. Qd3 Re5 44. Qd4 Kf6 45. f4 Qxd5 46. Qxd5 Rxd5 47. Rxd5 Be1
48. Rd3 Bb4 49. Kf1 Ke6 50. Ke2 Bd6 51. Rd1 Bc7 52. Rh1 Kd5 53. Kd3 Bb8 54. Rxh5
Ke6 55. Rh6+ Ke7 56. Kc4 Bd6 57. Rxd6 1-0

[Event "Druzynowe Mistrzostw Polski Juniorow - II Liga"]
[Site "Wroclaw"]
[Date "1899-12-30"]
[Round "2.38"]
[White "Demski, Michal"]
[Black "Rzepka, Marcin"]
[Result "1-0"]
[WhiteTitle "I+"]
[BlackTitle "II"]
[WhiteElo "1737"]
[BlackElo "1314"]

1. e4 c5 2. Nf3 e6 3. g3 d5 4. exd5 exd5 5. Bg2 Nc6 6. O-O Be7 7. h3 Nf6 8. d4
c4 9. Nc3 O-O 10. Ne5 Be6 11. Be3 Ne8 12. Nxc4 dxc4 13. d5 Bxd5 14. Nxd5 Nf6 15.
Nxe7+ Qxe7 16. Re1 Qc7 17. Bg5 Rad8 18. Qc1 Qd6 19. c3 h6 20. Bf4 Qd7 21. Qc2
Rfe8 22. Qa4 Rxe1+ 23. Rxe1 g5 24. Be3 Qd3 25. Bxc6 bxc6 26. Qxc6 Rd6 27. Qg2
Qc2 28. Qb7 Rd1 29. Rxd1 Qxd1+ 30. Kg2 Qb1 31. Bd4 Qf5 32. Bxf6 Qxf6 33. Qc8+
Kh7 34. Qxc4 Qe7 35. Qd3+ Kg8 36. Qd5 Qe2 37. b4 a6 38. a4 Qc2 39. Qc6 Qd3 40.
b5 axb5 41. axb5 1-0

[Event "Druzynowe Mistrzostw Polski Juniorow - II Liga"]
[Site "Wroclaw"]
[Date "1899-12-30"]
[Round "2.39"]
[White "Kubik, Bartosz"]
[Black "Grobelny, Mikolaj"]
[Result "0-1"]
[WhiteTitle "II"]
[BlackTitle "I"]
[WhiteElo "1224"]
[BlackElo "1504"]

1. e4 c5 2. Nf3 e6 3. c3 d5 4. exd5 exd5 5. d4 Nc6 6. Be3 c4 7. g3 h6 8. Bg2 Nf6
9. O-O Bd6 10. Re1 O-O 11. Qc2 b5 12. b4 a5 13. bxa5 Qxa5 14. Bd2 b4 15. cxb4
Bxb4 16. Nc3 Bg4 17. a3 Bxf3 18. axb4 Qxa1 0-1

[Event "Druzynowe Mistrzostw Polski Juniorow - II Liga"]
[Site "Wroclaw"]
[Date "1899-12-30"]
[Round "2.40"]
[White "Stogiera, Aleksander"]
[Black "Pawleta, Mateusz"]
[Result "0-1"]
[WhiteTitle "II"]
[BlackTitle "II"]
[WhiteElo "1092"]
[BlackElo "1168"]

1. e4 c5 2. Nf3 Nc6 3. d4 cxd4 4. Nxd4 Nf6 5. Nc3 e6 6. Ndb5 d6 7. Na3 d5 8. exd5
exd5 9. Bf4 a6 10. Bd3 Bc5 11. O-O O-O 12. Bg5 h6 13. Bxf6 Qxf6 14. Nxd5 Qd8 15.
Kh1 Be6 16. Nf4 Qf6 17. Nxe6 Qxe6 18. Rb1 b5 19. c3 Bxa3 20. bxa3 Rfd8 21. Qf3
Ne5 22. Bf5 Nxf3 23. Bxe6 Nd2 24. Bg4 Nxf1 25. Rxf1 Rd2 26. Bf3 Rad8 27. Ra1 Rxf2
28. Bb7 Rd6 29. Be4 Rdd2 0-1

[Event "Druzynowe Mistrzostw Polski Juniorow - II Liga"]
[Site "Wroclaw"]
[Date "1899-12-30"]
[Round "2.41"]
[White "Seemann, Lena"]
[Black "Jedrzejko, Martyna"]
[Result "0-1"]
[WhiteTitle "II"]
[BlackTitle "I+"]
[WhiteElo "1081"]
[BlackElo "1533"]

1. e4 e6 2. d4 d5 3. Nc3 dxe4 4. Nxe4 Bd7 5. Nf3 Bc6 6. Bd3 Nd7 7. c3 Ngf6 8. Nxf6+
Nxf6 9. O-O Bxf3 10. Qxf3 Qd5 11. Qxd5 Nxd5 12. Re1 O-O-O 13. c4 Nb4 14. Be4 Rxd4
15. b3 Nd3 16. Bxd3 Rxd3 17. Bb2 Bb4 18. Red1 Rxd1+ 19. Rxd1 f6 20. a3 Be7 21.
g3 Rd8 22. Re1 e5 23. f4 Bc5+ 24. Kf1 Rd2 25. Bc3 Rf2+ 26. Kg1 Rf3+ 27. Kg2 Rxc3
28. fxe5 fxe5 29. Rxe5 Bxa3 30. Ra5 Rxb3 31. Rxa7 Bb2 32. h4 0-1

[Event "Druzynowe Mistrzostw Polski Juniorow - II Liga"]
[Site "Wroclaw"]
[Date "1899-12-30"]
[Round "2.43"]
[White "Malik, Maciej"]
[Black "Borkowski, Stanislaw"]
[Result "1/2-1/2"]
[WhiteTitle "I++"]
[BlackTitle "I"]
[WhiteElo "1984"]
[BlackElo "1734"]

1. d4 Nf6 2. Nf3 g6 3. c4 Bg7 4. Nc3 O-O 5. Bg5 d6 6. e3 Nbd7 7. Be2 Re8 8. O-O
h6 9. Bh4 g5 10. Bg3 Nh5 11. Qc2 Nxg3 12. hxg3 e5 13. dxe5 Nxe5 14. Nd4 Nc6 15.
Nxc6 bxc6 16. Rfd1 Rb8 17. Rab1 Qf6 18. Qa4 Bf5 19. Bd3 Bxd3 20. Rxd3 Qg6 21.
Qd1 Rb4 22. b3 Bxc3 23. Rxc3 c5 24. Rbc1 a5 25. g4 Ra8 26. Qd5 Rab8 27. Qc6 R8b7
28. e4 Qe6 29. Rf3 Kg7 30. Re1 a4 31. Ree3 axb3 32. axb3 Qxg4 33. Qd5 Qe6 34.
Qd2 Qe5 35. Rf5 Qd4 36. Ref3 Qxd2 37. Rxf7+ 1/2-1/2

[Event "Druzynowe Mistrzostw Polski Juniorow - II Liga"]
[Site "Wroclaw"]
[Date "1899-12-30"]
[Round "2.44"]
[White "Lewandowski, Witold"]
[Black "Karut, Kacper"]
[Result "0-1"]
[WhiteTitle "I"]
[BlackTitle "I"]
[WhiteElo "1547"]
[BlackElo "1835"]

1. e4 c5 2. Nf3 d6 3. d4 cxd4 4. Nxd4 Nf6 5. Nc3 Nc6 6. f3 e5 7. Nb3 Be7 8. Be3
O-O 9. Qd2 Be6 10. Nd5 Bxd5 11. exd5 Nb8 12. c4 Nbd7 13. Be2 Ne8 14. O-O f5 15.
Nc1 f4 16. Bf2 Bh4 17. Bd1 Bxf2+ 18. Qxf2 a5 19. b3 Nc5 20. Bc2 Qg5 21. Ne2 Nf6
22. Nc3 Nh5 23. a3 Ng3 24. Rfc1 Rf6 25. h3 Rff8 26. b4 axb4 27. axb4 Nd7 28. Ne4
Nxe4 29. Bxe4 b6 30. Ra2 Rxa2 31. Qxa2 Nf6 32. Re1 Nxe4 33. Rxe4 Rc8 34. Re2 Qd8
35. Rc2 Ra8 36. Qb2 Qc7 37. Rc1 g6 38. Qc3 Rc8 39. Qd3 Qa7 40. Qb3 Kg7 41. Kh2
Kf6 42. Rc2 Qa6 43. g3 fxg3+ 44. Kxg3 Qa1 45. Kg2 Qd4 46. Qa2 h5 47. Qa6 Qd3 48.
Qxc8 Qxc2+ 49. Kg3 h4+ 50. Kxh4 Qf2+ 51. Kg4 Qg2+ 52. Kh4 Qg5# 0-1

[Event "Druzynowe Mistrzostw Polski Juniorow - II Liga"]
[Site "Wroclaw"]
[Date "1899-12-30"]
[Round "2.45"]
[White "Pycinski, Wladyslaw"]
[Black "Stanislawski, Karol"]
[Result "1/2-1/2"]
[WhiteTitle "I"]
[BlackTitle "I"]
[WhiteElo "1701"]
[BlackElo "1678"]

1. d4 Nf6 2. Nf3 g6 3. g3 Bg7 4. Bg2 O-O 5. O-O d6 6. b3 c5 7. Bb2 cxd4 8. Nxd4
d5 9. c4 dxc4 10. bxc4 Qb6 11. Qc1 Rd8 12. c5 Qa6 13. a4 Nc6 14. Nb5 Rb8 15. Nd2
Be6 16. Nf3 Rbc8 17. Ng5 Na5 18. Nxe6 Qxe6 19. Nd4 Qc4 20. c6 bxc6 21. Nxc6 Qxc1
22. Raxc1 Nxc6 23. Rxc6 Rxc6 24. Bxc6 Rd2 25. Bxf6 Bxf6 26. e3 Bb2 27. Rb1 Rc2
28. Be4 Rc1+ 29. Rxc1 Bxc1 30. a5 a6 31. Bd3 Bd2 32. Kg2 Bxa5 33. Kf3 Kg7 34.
Bxa6 Kf6 35. Bb5 Be1 36. Ke4 Ke5+ 1/2-1/2

[Event "Druzynowe Mistrzostw Polski Juniorow - II Liga"]
[Site "Wroclaw"]
[Date "1899-12-30"]
[Round "2.46"]
[White "Gorecki, Michal"]
[Black "Tim, Wojciech"]
[Result "1-0"]
[WhiteTitle "II"]
[BlackTitle "II"]
[WhiteElo "1311"]
[BlackElo "1300"]

1. e4 c5 2. Nf3 g6 3. d4 cxd4 4. Nxd4 Nc6 5. c4 Bg7 6. Be3 Nf6 7. Nc3 O-O 8. Be2
d6 9. O-O Bd7 10. Qd2 Rc8 11. f3 Ne5 12. b3 a6 13. Rac1 Bc6 14. Nc2 Qa5 15. Nd5
Qd8 16. Nb6 Rb8 17. Nb4 Nfd7 18. N6d5 Bxd5 19. Nxd5 Nf6 20. Nb6 Ned7 21. Nd5 Nxd5
22. cxd5 Rc8 23. Qb4 b5 24. a4 Rxc1 25. Rxc1 bxa4 26. Qxa4 Nc5 27. Bxc5 dxc5 28.
Qxa6 Bd4+ 29. Kh1 Qb8 30. Qb5 Qf4 31. Rd1 Be5 32. g3 Qe3 33. Qd3 Qh6 34. f4 Bd4
35. b4 Qg7 36. bxc5 Bxc5 37. Rc1 Bb4 38. Rb1 Bc5 39. Qc4 Ba3 40. e5 g5 41. Rb3
Ra8 42. Qc3 gxf4 43. gxf4 Bc5 44. Rb1 Bf2 45. Qf3 Bc5 46. Rc1 Bb6 47. d6 Qf8 48.
dxe7 Qe8 49. Bb5 Ra3 50. Qg4+ Kh8 51. Bxe8 1-0

[Event "Druzynowe Mistrzostw Polski Juniorow - II Liga"]
[Site "Wroclaw"]
[Date "1899-12-30"]
[Round "2.47"]
[White "Tim, Anna"]
[Black "Oszutowska, Anna"]
[Result "1/2-1/2"]
[WhiteTitle "I"]
[BlackTitle "I"]
[WhiteElo "1159"]
[BlackElo "1248"]

1. e4 c6 2. d4 d5 3. Nc3 dxe4 4. Nxe4 Bf5 5. Ng3 Bg6 6. Nh3 h6 7. Nf4 Bh7 8. c3
Nf6 9. Bd3 Bxd3 10. Qxd3 e6 11. h3 Nbd7 12. O-O Be7 13. Re1 O-O 14. c4 Rc8 15.
Be3 b6 16. Red1 e5 17. dxe5 Nxe5 18. Qxd8 Rfxd8 19. b3 Kf8 20. Nf5 Ne4 21. Bd4
Bf6 22. Re1 c5 23. Bb2 Nd3 24. Bxf6 Nxf6 25. Nxd3 Rxd3 26. Rad1 Rcd8 27. Rxd3
Rxd3 28. Re2 a6 29. f3 Ng8 30. Kf2 g6 31. Ne3 Ne7 32. Ng4 Nf5 33. Ne5 Rd1 34.
Re1 Rd2+ 35. Re2 Rd1 36. Re1 Rd2+ 37. Re2 Rd1 1/2-1/2

[Event "Druzynowe Mistrzostw Polski Juniorow - II Liga"]
[Site "Wroclaw"]
[Date "1899-12-30"]
[Round "2.48"]
[White "Lukasik, Aleksandra"]
[Black "Nieckarz, Maja"]
[Result "0-1"]
[WhiteTitle "II+"]
[BlackTitle "I"]
[WhiteElo "1127"]
[BlackElo "1432"]

1. e4 c5 2. Nf3 d6 3. d4 cxd4 4. Nxd4 Nf6 5. Nc3 g6 6. Bc4 Bg7 7. h3 Nc6 8. Nxc6
bxc6 9. e5 dxe5 10. Bxf7+ Kxf7 11. Qxd8 Rxd8 12. O-O Bf5 13. Bg5 Bxc2 14. Rac1
Bf5 15. Rfe1 Nd5 16. Na4 Rac8 17. Nc5 Bf6 18. Bxf6 exf6 19. g4 Be6 20. Nb7 Rd7
21. Nc5 Rdc7 22. Ne4 Rb8 23. b3 Nf4 24. Rc3 Bd5 25. Nc5 Rd8 26. g5 Re8 27. h4
Ng2 28. Rd1 Nxh4 29. Na4 Rce7 30. gxf6 Kxf6 31. Nc5 g5 32. Na6 Nf3+ 33. Kf1 g4
34. Nb4 Nd4 35. Nd3 h5 36. Ne1 h4 37. Nc2 h3 38. f3 Bxf3 0-1

[Event "Druzynowe Mistrzostw Polski Juniorow - II Liga"]
[Site "Wroclaw"]
[Date "1899-12-30"]
[Round "2.49"]
[White "Zarebska, Lena"]
[Black "Pitera, Michal"]
[Result "1/2-1/2"]
[WhiteTitle "k"]
[BlackTitle "I"]
[WhiteElo "1805"]
[BlackElo "1794"]

1. e4 c5 2. Nf3 Nc6 3. d4 cxd4 4. Nxd4 g6 5. Nc3 Bg7 6. Be3 Nf6 7. Nxc6 bxc6 8.
e5 Ng8 9. Bd4 Nh6 10. e6 O-O 11. Bxg7 Kxg7 12. Qd4+ f6 13. O-O-O d5 14. Qc5 Qd6
15. Qa5 Bxe6 16. f3 Bf7 17. Ba6 Rfb8 18. Rhe1 e6 19. a3 Nf5 20. g3 c5 21. Na4
c4 22. Bxc4 Qc6 23. Ba6 Rb6 24. Nxb6 axb6 25. Qb5 Qc7 26. Qe2 Qc5 27. Bd3 Nd4
28. Qe3 Rxa3 29. bxa3 Qxa3+ 30. Kb1 Qb4+ 31. Kc1 Qa3+ 32. Kb1 1/2-1/2

[Event "Druzynowe Mistrzostw Polski Juniorow - II Liga"]
[Site "Wroclaw"]
[Date "1899-12-30"]
[Round "2.50"]
[White "Pulit, Kacper"]
[Black "Sloniewska, Alicja"]
[Result "0-1"]
[WhiteTitle "II"]
[BlackTitle "I++"]
[WhiteElo "1330"]
[BlackElo "1735"]

1. e4 c6 2. d4 d5 3. Nc3 dxe4 4. Nxe4 Bf5 5. Ng3 Bg6 6. h4 h6 7. Nf3 Nd7 8. h5
Bh7 9. Bd3 Bxd3 10. Qxd3 e6 11. Bf4 Qa5+ 12. Bd2 Bb4 13. Ne4 Ngf6 14. Nd6+ Ke7
15. Nc4 Bxd2+ 16. Qxd2 Qb5 17. Qc3 Nd5 18. Qa3+ Qb4+ 19. Qxb4+ Nxb4 20. Ne3 Nf6
21. a3 Nbd5 22. Nxd5+ cxd5 23. Nd2 Rhc8 24. O-O-O Rc7 25. Kb1 a5 26. f3 b5 27.
Nb3 b4 28. axb4 axb4 29. g4 Nd7 30. Rd3 Nb6 31. c3 bxc3 32. Rxc3 Rxc3 33. bxc3
Na4 34. Nc5 0-1

[Event "Druzynowe Mistrzostw Polski Juniorow - II Liga"]
[Site "Wroclaw"]
[Date "1899-12-30"]
[Round "2.51"]
[White "Sloniewski, Wojciech"]
[Black "Penar, Marcin"]
[Result "0-1"]
[WhiteTitle "II"]
[BlackTitle "II"]
[WhiteElo "1062"]
[BlackElo "1296"]

1. e4 c5 2. Nc3 Nc6 3. f4 d6 4. Bb5 a6 5. Bxc6+ bxc6 6. d3 d5 7. exd5 cxd5 8. Nf3
Nf6 9. O-O Bg4 10. Qe1 Bxf3 11. Rxf3 g6 12. Qh4 Bg7 13. f5 Nh5 14. Qa4+ Kf8 15.
fxg6 hxg6 16. Qc6 Bd4+ 17. Be3 Bxe3+ 18. Rxe3 d4 19. Rf3 dxc3 20. bxc3 Kg7 21.
Qxc5 Qd6 22. Qxd6 exd6 23. Rb1 Rab8 24. Rb3 Rhe8 25. Kf2 Rb5 26. d4 0-1

[Event "Druzynowe Mistrzostw Polski Juniorow - II Liga"]
[Site "Wroclaw"]
[Date "1899-12-30"]
[Round "2.52"]
[White "Schiller, Marcin"]
[Black "Mieszczankowski, Adam"]
[Result "1-0"]
[WhiteTitle "II"]
[BlackTitle "II"]
[WhiteElo "1214"]
[BlackElo "1044"]

1. d4 d5 2. c4 c6 3. Nc3 Nf6 4. Bg5 e6 5. e3 Nbd7 6. Nf3 Bd6 7. Bd3 O-O 8. O-O
h6 9. Bh4 Re8 10. e4 dxe4 11. Nxe4 Be7 12. Nxf6+ Bxf6 13. Bxf6 Qxf6 14. Re1 b6
15. Ne5 Nxe5 16. dxe5 Qg5 17. Re3 Bb7 18. Qe2 c5 19. Rg3 Qe7 20. Qg4 f5 21. exf6
Qxf6 22. Re1 Rad8 23. Qe2 Rd6 24. Rg6 Qf7 25. Rg3 Red8 26. Rd1 Ba6 27. Qe5 Bxc4
28. Bh7+ Kxh7 29. Rxd6 Qc7 30. Qe4+ Kh8 31. Rxd8+ Qxd8 32. Qxc4 Qd1+ 33. Qf1 Qc2
34. Rb3 c4 35. Rc3 Qxb2 36. Rxc4 Qxa2 37. Rc8+ Kh7 38. Qd3+ 1-0

[Event "Druzynowe Mistrzostw Polski Juniorow - II Liga"]
[Site "Wroclaw"]
[Date "1899-12-30"]
[Round "2.53"]
[White "Anyz, Monika"]
[Black "Bartoszek, Julia"]
[Result "1-0"]
[WhiteTitle "I++"]
[BlackTitle "I"]
[WhiteElo "1792"]
[BlackElo "1285"]

1. e4 e5 2. Nf3 Nc6 3. d4 exd4 4. Bc4 Nf6 5. e5 d5 6. Bb5 Ne4 7. Bxc6+ bxc6 8.
Nxd4 Bd7 9. O-O Bc5 10. c3 Ng5 11. f4 Ne4 12. Nd2 Bxd4+ 13. cxd4 Nxd2 14. Bxd2
Bf5 15. Bb4 Qd7 16. Rc1 a5 17. Ba3 Qe6 18. h3 h5 19. Rc3 Kd7 20. Qe2 Rh6 21. h4
Qe8 22. Rfc1 1-0

[Event "Druzynowe Mistrzostw Polski Juniorow - II Liga"]
[Site "Wroclaw"]
[Date "1899-12-30"]
[Round "2.54"]
[White "Kretowicz, Daria"]
[Black "Zapalowska, Wiktoria"]
[Result "0-1"]
[WhiteTitle "I"]
[BlackTitle "I"]
[WhiteElo "1124"]
[BlackElo "1528"]

1. e4 c5 2. Nf3 e6 3. d4 cxd4 4. Nxd4 Nc6 5. Nc3 Qc7 6. Be3 a6 7. Bd3 Nf6 8. O-O
Bb4 9. Qd2 O-O 10. a3 Be7 11. Kh1 Ng4 12. f4 Nxe3 13. Qxe3 Nxd4 14. Qxd4 Bc5 15.
Qe5 Qxe5 16. fxe5 Bd4 17. Rf3 Bxe5 18. Raf1 b5 19. Rh3 g6 20. Rff3 Bb7 21. Rf1
Rac8 22. Nd1 d5 23. exd5 Bxd5 24. Re3 Bd4 25. Ree1 f5 26. c3 Bb6 27. Ne3 Bb7 28.
Nd1 Rfe8 29. Bc2 e5 30. Bb3+ Kg7 31. Ne3 Rcd8 32. Re2 Be4 33. Bc2 Bxc2 34. Nxc2
e4 35. Nb4 a5 36. Nc2 Rd3 37. h3 Red8 38. Rfe1 Rd2 39. Kh2 Bf2 40. Rxd2 Rxd2 41.
Rc1 e3 42. b4 axb4 43. cxb4 e2 44. Ne1 Rd1 45. Rc7+ Kh6 46. Nf3 Rd3 47. Re7 Rxf3
48. gxf3 e1=Q 49. Rxe1 Bxe1 50. Kg2 0-1

[Event "Druzynowe Mistrzostw Polski Juniorow - II Liga"]
[Site "Wroclaw"]
[Date "1899-12-30"]
[Round "2.55"]
[White "Bauer, Marika"]
[Black "Guzik, Michal"]
[Result "0-1"]
[WhiteTitle "II"]
[BlackTitle "II+"]
[WhiteElo "1142"]
[BlackElo "1413"]

1. e4 c5 2. Nf3 g6 3. d4 cxd4 4. Nxd4 Nc6 5. Nb3 Bg7 6. Nc3 Nf6 7. Be2 O-O 8. O-O
d6 9. Be3 Ne5 10. h3 Be6 11. Qc1 Qc8 12. f4 Nc4 13. Nd4 Bd7 14. Bd3 Nh5 15. Nd5
Re8 16. b3 Nxe3 17. Qxe3 Qc5 18. c3 e6 19. b4 Qc8 20. Nb5 exd5 21. Nxd6 Qxc3 22.
e5 Re7 0-1

[Event "Druzynowe Mistrzostw Polski Juniorow - II Liga"]
[Site "Wroclaw"]
[Date "1899-12-30"]
[Round "2.56"]
[White "Mastej, Krzysztof"]
[Black "Kraczek, Cezary"]
[Result "0-1"]
[WhiteTitle "II"]
[BlackTitle "I"]
[WhiteElo "1355"]
[BlackElo "1657"]

1. e4 c5 2. Nc3 g6 3. f4 Bg7 4. Nf3 Nc6 5. Bb5 Nd4 6. O-O Nxb5 7. Nxb5 d5 8. exd5
a6 9. Nc3 Nf6 10. d3 Nxd5 11. Nxd5 Qxd5 12. Qe1 e6 13. a3 O-O 14. Rb1 b5 15. Qh4
Bb7 16. Be3 Rac8 17. Rf2 c4 18. dxc4 Rxc4 19. Rd2 Qf5 20. Qf2 Bxf3 21. Qxf3 Rfc8
22. g4 Qe4 23. Qxe4 Rxe4 24. Kf2 e5 25. Rbd1 exf4 26. Rd8+ Re8 27. Rxe8+ Rxe8
28. Bxf4 Bxb2 29. Bc1 Rc8 30. Bxb2 Rxc2+ 31. Kg1 Rxb2 32. Rd8+ Kg7 33. Ra8 Ra2
34. Rxa6 b4 35. a4 b3 36. Rb6 b2 0-1

[Event "Druzynowe Mistrzostw Polski Juniorow - II Liga"]
[Site "Wroclaw"]
[Date "1899-12-30"]
[Round "2.57"]
[White "Rosc, Ignacy"]
[Black "Oberc, Szymon"]
[Result "1-0"]
[WhiteTitle "II+"]
[BlackTitle "II"]
[WhiteElo "1527"]
[BlackElo "1107"]

1. d4 d5 2. Bf4 Bf5 3. Nf3 Nf6 4. e3 e6 5. c4 Bd6 6. Bg3 O-O 7. Qb3 Nc6 8. a3 Na5
9. Qa4 Nxc4 10. Bxc4 dxc4 11. Qxc4 Ne4 12. O-O c6 13. Nc3 Re8 14. Nxe4 Bxe4 15.
Ne5 f6 16. Nd3 Bxd3 17. Qxd3 Bxg3 18. hxg3 Qd7 19. Rfd1 Rad8 20. Qb3 Qf7 21. Qa4
a6 22. Rd3 Rd7 23. Rad1 Red8 24. Qa5 Rd5 25. Qc3 Rh5 26. e4 Qg6 27. Qb3 Qf7 28.
a4 f5 29. d5 exd5 30. exd5 c5 31. Qb6 Rc8 32. d6 1-0

[Event "Druzynowe Mistrzostw Polski Juniorow - II Liga"]
[Site "Wroclaw"]
[Date "1899-12-30"]
[Round "2.59"]
[White "Fic, Joanna"]
[Black "Niedorys, Karolina"]
[Result "0-1"]
[WhiteTitle "II+"]
[BlackTitle "I+"]
[WhiteElo "1057"]
[BlackElo "1495"]

1. e4 c5 2. Nf3 d6 3. d4 cxd4 4. Nxd4 Nf6 5. Nc3 g6 6. Be3 Bg7 7. f3 O-O 8. Qd2
Nc6 9. g4 Nxd4 10. Bxd4 Be6 11. O-O-O Qa5 12. Kb1 Rfc8 13. a3 a6 14. g5 Nh5 15.
Nd5 Qxd2 16. Rxd2 Bxd5 17. Bxg7 Bxe4 18. fxe4 Nxg7 19. Bg2 Rc5 20. h4 Ne6 21.
Rf1 Rf8 22. b4 Rc3 23. Kb2 Rg3 24. c3 Rc8 25. Bf3 Nf8 26. Rc2 Nd7 27. e5 Nxe5
28. Bxb7 Nc4+ 29. Ka2 Rc7 30. Bxa6 Ne3 31. Rcf2 Nxf1 32. Rxf1 Rcxc3 33. Kb2 Rb3+
34. Kc2 Rxa3 35. Bd3 Rgxd3 0-1

[Event "Druzynowe Mistrzostw Polski Juniorow - II Liga"]
[Site "Wroclaw"]
[Date "1899-12-30"]
[Round "2.60"]
[White "Mansz, Martyna"]
[Black "Kucia, Kinga"]
[Result "0-1"]
[WhiteTitle "I"]
[BlackTitle "I"]
[WhiteElo "1226"]
[BlackElo "1208"]

1. c4 c6 2. g3 d5 3. cxd5 cxd5 4. Bg2 Nc6 5. Nf3 Nf6 6. d4 Bf5 7. Nc3 e6 8. a3
a6 9. O-O Bd6 10. b4 O-O 11. b5 axb5 12. Nxb5 Na5 13. Nxd6 Qxd6 14. Bd2 Qd8 15.
Bb4 Re8 16. Ne5 Nd7 17. Nxd7 Qxd7 18. Bxa5 Rxa5 19. f3 Rc8 20. e4 dxe4 21. fxe4
Bg6 22. Qd2 Ra4 23. Rfe1 Rxd4 24. Qb2 Rd2 25. Qb4 Rcc2 26. Bf1 b5 27. Rac1 Qa7+
0-1

[Event "Druzynowe Mistrzostw Polski Juniorow - II Liga"]
[Site "Wroclaw"]
[Date "1899-12-30"]
[Round "2.61"]
[White "Grzesik, Gracjan"]
[Black "Jaskiewicz, Kacper"]
[Result "1/2-1/2"]
[WhiteTitle "k"]
[BlackTitle "I"]
[WhiteElo "2218"]
[BlackElo "1756"]

1. c4 e5 2. Nc3 Nf6 3. Nf3 Nc6 4. g3 d5 5. cxd5 Nxd5 6. Bg2 Nb6 7. O-O Be7 8. d3
O-O 9. Be3 Re8 10. Rc1 Bf8 11. Ne4 Nd4 12. Bxd4 exd4 13. Re1 c6 14. Qc2 Bg4 15.
Nc5 Rb8 16. h3 Bxf3 17. Bxf3 Qf6 18. a4 Red8 19. a5 Nd7 20. Nxd7 Rxd7 21. a6 bxa6
22. Qxc6 Rd6 23. Qc7 Rxb2 24. Qxa7 Rbb6 25. Rc8 Rd8 26. Rxd8 Qxd8 27. Rc1 Qb8
28. Qxb8 Rxb8 29. Rc4 Rd8 30. Ra4 Rd6 31. Bb7 Rd7 32. Bxa6 Ra7 33. Kg2 g6 34.
Kf3 Bg7 35. e3 dxe3 36. fxe3 Kf8 37. g4 Bf6 1/2-1/2

[Event "Druzynowe Mistrzostw Polski Juniorow - II Liga"]
[Site "Wroclaw"]
[Date "1899-12-30"]
[Round "2.62"]
[White "Stepinski, Piotr"]
[Black "Merecki, Antoni"]
[Result "0-1"]
[WhiteTitle "I"]
[BlackTitle "II"]
[WhiteElo "1568"]
[BlackElo "1543"]

1. e4 e5 2. Nf3 Nc6 3. d4 exd4 4. Bc4 Nf6 5. e5 d5 6. Bb5 Ne4 7. Nxd4 Bd7 8. Bxc6
bxc6 9. O-O c5 10. Ne2 Bc6 11. f3 Ng5 12. Bxg5 Qxg5 13. f4 Qd8 14. f5 Qg5 15.
Ng3 O-O-O 16. Qe2 h5 17. Qd2 Qxd2 18. Nxd2 c4 19. Ne2 Bc5+ 20. Kh1 d4 21. Nxc4
h4 22. h3 d3 23. Nf4 dxc2 24. e6 Bb5 25. b3 Bxc4 26. bxc4 Be3 27. exf7 Bxf4 28.
Rxf4 Rhf8 29. Rf2 Rd1+ 30. Rf1 Rd4 31. Rac1 Rxc4 32. f6 g6 33. Rf2 Rxf7 34. Kg1
Rc6 35. Rcxc2 Rcxf6 36. Rxf6 Rxf6 37. Rc4 g5 38. Rc5 Rg6 39. Kf2 Kb7 40. Kf3 Kb6
41. Rc2 c5 42. Ke4 Rf6 43. a3 Rf4+ 44. Kd5 Rd4+ 45. Ke5 g4 46. hxg4 Rxg4 47. Kd5
Rd4+ 48. Ke5 a5 49. Rb2+ Kc6 50. Rb3 a4 51. Rh3 Kb5 52. Rc3 Rd2 53. g4 hxg3 54.
Rxg3 Kc4 55. Rg1 Kb3 56. Rc1 c4 57. Ke4 c3 58. Ke3 Rd8 59. Rb1+ Kxa3 60. Rb7 Rc8
61. Kd4 0-1

[Event "Druzynowe Mistrzostw Polski Juniorow - II Liga"]
[Site "Wroclaw"]
[Date "1899-12-30"]
[Round "2.63"]
[White "Sliz, Karol"]
[Black "Gawlik, Olivier"]
[Result "1-0"]
[WhiteTitle "II+"]
[BlackTitle "II+"]
[WhiteElo "1615"]
[BlackElo "1384"]

1. e4 c5 2. Nf3 Nc6 3. d4 cxd4 4. Nxd4 Nf6 5. Nc3 e5 6. Ndb5 d6 7. Bg5 a6 8. Na3
b5 9. Nd5 Be7 10. Bxf6 Bxf6 11. c3 Bb7 12. Nc2 Bg5 13. a4 bxa4 14. Rxa4 a5 15.
Bc4 O-O 16. O-O Ne7 17. Qd3 Bc6 18. Ra2 Bxd5 19. Bxd5 Nxd5 20. Qxd5 Qc7 21. Rfa1
Rab8 22. Na3 Be7 23. Nb5 Qc5 24. c4 Rfc8 25. b3 Qb4 26. Rb1 Ra8 27. Ra4 Qc5 28.
Qb7 Bf8 29. Rd1 Qc6 30. Qxc6 Rxc6 31. Rda1 g6 32. Rxa5 Rxa5 33. Rxa5 Be7 34. Ra7
Bf8 35. f3 Rc8 36. Ra6 Rd8 37. Kf2 Kg7 38. Ra7 d5 39. Ke2 dxc4 40. bxc4 Bc5 41.
Ra2 Bb4 42. Rb2 Bc5 43. Nc7 Rc8 44. Nd5 Bd4 45. Rc2 Bc5 46. Ra2 Bd4 47. Kd3 Bc5
48. Ra5 Kf8 49. g4 g5 50. Nf6 Rd8+ 51. Nd5 Rc8 52. Nf6 Rd8+ 53. Kc2 Be7 54. Nd5
Bd6 55. Kc3 Rc8 56. Nb6 Rc7 57. Rd5 Ke7 58. Na4 Ra7 59. Kb3 Rb7+ 60. Rb5 Rxb5+
61. cxb5 Kd7 62. Kc4 Kc7 63. Kd5 Kd7 64. Nc5+ 1-0

[Event "Druzynowe Mistrzostw Polski Juniorow - II Liga"]
[Site "Wroclaw"]
[Date "1899-12-30"]
[Round "2.64"]
[White "Haladaj, Adam"]
[Black "Lonski, Aleksander"]
[Result "1/2-1/2"]
[WhiteTitle "II"]
[BlackTitle "II"]
[WhiteElo "1361"]
[BlackElo "1517"]

1. e4 c5 2. Nf3 g6 3. c4 Bg7 4. d4 cxd4 5. Nxd4 Nc6 6. Be3 Nf6 7. Nc3 Ng4 8. Qxg4
Nxd4 9. Qd1 Ne6 10. Bd3 O-O 11. O-O d6 12. Qd2 Nc5 13. Rac1 a5 14. b3 b6 15. Bc2
Bb7 16. Bd4 Bc6 17. Bxg7 Kxg7 18. Rfe1 Qc7 19. Nd5 Bxd5 20. exd5 e5 21. dxe6 fxe6
22. Rcd1 Rad8 23. Re3 Rf6 24. f3 Rd7 25. a3 Na6 26. Qc3 Qc5 27. Kh1 Re7 28. Rde1
e5 29. Qb2 Rc7 30. Be4 b5 31. cxb5 Qxb5 32. Bd3 Qb6 33. Bxa6 Qxa6 34. Rc3 Re7
35. h3 Qb6 36. Kh2 Qd4 37. Re4 Qb6 38. Re2 Rfe6 39. Rce3 1/2-1/2

[Event "Druzynowe Mistrzostw Polski Juniorow - II Liga"]
[Site "Wroclaw"]
[Date "1899-12-30"]
[Round "2.65"]
[White "Grzesik, Nikola"]
[Black "Banasiak, Adrianna"]
[Result "1/2-1/2"]
[WhiteTitle "I"]
[BlackTitle "I"]
[WhiteElo "1452"]
[BlackElo "1447"]

1. e4 c5 2. Nf3 g6 3. d4 cxd4 4. Nxd4 Bg7 5. c4 d6 6. Nc3 Nc6 7. Be3 Nf6 8. Be2
a6 9. O-O O-O 10. a3 Ne5 11. f3 Bd7 12. Qd2 Rc8 13. b3 Nc6 14. Rfc1 Nh5 15. Nxc6
Rxc6 16. Ra2 f5 17. exf5 gxf5 18. f4 Nf6 19. Bf3 Rc8 20. Bxb7 Rb8 21. Bxa6 Ng4
22. Bb5 Nxe3 23. Qxe3 Rf6 24. Bxd7 Qxd7 25. Nd5 Re6 26. Qg3 Rg6 27. Qf3 e6 28.
Nc3 Rxb3 29. Qa8+ Kf7 30. Qa4 Qxa4 31. Nxa4 Bh6 32. Rf1 Rg8 33. c5 dxc5 34. Nxc5
Rc3 35. Nd7 Bg7 36. Ne5+ Bxe5 37. fxe5 Re3 38. a4 Rxe5 39. a5 Ra8 40. a6 Rb5 41.
a7 Rb7 42. Rfa1 Kf6 43. Ra6 Re7 44. R1a5 h5 45. Kf2 Kg5 1/2-1/2

[Event "Druzynowe Mistrzostw Polski Juniorow - II Liga"]
[Site "Wroclaw"]
[Date "1899-12-30"]
[Round "2.66"]
[White "Kruszewska, Malgorzata"]
[Black "Sliwicka, Weronika"]
[Result "0-1"]
[WhiteTitle "II"]
[BlackTitle "I"]
[WhiteElo "1012"]
[BlackElo "1281"]

1. d4 d5 2. c4 dxc4 3. Nf3 Nf6 4. e3 e6 5. Bxc4 c5 6. O-O a6 7. a4 Nc6 8. Nc3 cxd4
9. exd4 Be7 10. Qd2 O-O 11. Rd1 Bb4 12. Qe2 Qa5 13. Bd2 Re8 14. Ne4 Nxe4 15. Qxe4
Bxd2 16. Rxd2 Bd7 17. Rdd1 Nb4 18. Qxb7 Bc6 0-1